Z dejín slovenskej literatúry 2 Od obrodenia do rokov sedemdesiatych

Bibliographic Details
Main Author: Pišút, Milan, 1908-1984 (Author)
Format: Book
Language:Slovak
PhysicalDescription:63, [1] s. 4°
Published: Bratislava Slovenské pedagogické nakladateľstvo 1953
Edition:2. vyd.
Series:Vysokoškolské učebné texty
Subjects:

MARC

LEADER 00000cam a2200000 a 4500
001 vtls008390736
003 SK-MaSNL
005 20260301103805.0
008 240315s1953 xo f n 000 0 slo
015 |a SNBA1953 
035 |a SK01SNKBKSFS20020082953 
035 |a SKM000085416 
040 |a SNK  |b slo  |c SNK  |e AACR2 
041 0 |a slo 
044 |a xo  |c SK 
080 |a 885.4(091)(075)  |2 1981 
100 1 |a Pišút, Milan,  |d 1908-1984  |4 aut  |9 106532 
245 1 0 |a Z dejín slovenskej literatúry  |n 2  |p Od obrodenia do rokov sedemdesiatych  |c Milan Pišút 
246 3 0 |a Od obrodenia do rokov sedemdesiatych 
250 |a 2. vyd. 
260 |a Bratislava  |b Slovenské pedagogické nakladateľstvo  |c 1953  |e Bratislava  |f Technografia 
300 |a 63, [1] s.  |c 4° 
366 |e 500 výt. 
490 1 |a Vysokoškolské učebné texty 
504 |a Bibliogr. 
650 0 7 |a slovenská literatúra  |2 SNKPH  |9 1115 
650 0 7 |a slovenská poézia  |2 SNKPH  |9 215422 
655 7 |a učebnice vysokých škôl  |2 SNKPH  |9 70191 
830 0 |a Vysokoškolské učebné texty  |9 276539 
852 |a Štátna vedecká knižnica v Banskej Bystrici 
958 |a OND 
958 |a LX 
958 |a NB 
999 |c 696293  |d 698223 
952 |a SNK  |b SNK  |y PREZ  |7 0  |p 17A0941905  |o snkSB 23846/2  |0 0  |1 0  |4 0  |d 2012-07-25  |f 1  |l 0  |r 2025-03-27 00:00:00  |w 2026-02-23 
952 |t P60, <04>, [BOOK], {604}  |a SNK  |b SNK  |y VYP  |7 0  |p 17A0021271  |o snkSB 23846/2 D1  |0 0  |1 0  |4 0  |d 1996-11-11  |l 0  |r 2005-01-01 00:00:00  |w 2026-02-23